Climate finance: Already in trouble (Record no. 55695)

MARC details
000 -LEADER
fixed length control field 00283nam a2200109Ia 4500
100 ## - MAIN ENTRY--AUTHOR NAME
Personal name Kanth D. Ravi
245 #0 - TITLE STATEMENT
Title Climate finance: Already in trouble
260 ## - PUBLICATION, DISTRIBUTION, ETC. (IMPRINT)
Name of publisher Economic and Political Weekly
Year of publication 2010
300 ## - PHYSICAL DESCRIPTION
Number of Pages 17-19
942 ## - ADDED ENTRY ELEMENTS (KOHA)
Koha item type Journals
Holdings
Withdrawn status Lost status Damaged status Not for loan Home library Current library Date acquired Serial Enumeration / chronology Koha item type
      Journals RRII Library RRII Library 26/11/2010 Volume XLV, Issue 38 Journals